000 00992cam a2200265 a 4500
001 000012096
005 20200929162707.0
008 991207s1999 sp b 001 0 spa
020 _a8495294036
040 _aDO-SdBNP
_bspa
_cDLC
_dBNPHU
082 _a370.98
_bR621e
100 1 _aRivero, José,
_928575
245 1 0 _aEducación y exclusión en América Latina :
_breformas en tiempos de globalización /
_cJosé Rivero ; prólogo, Emilio Tenti Fanfani.
260 _aMadrid, (España) :
_bMiño y Dávila,
_c1999.
300 _a484 p. ;
_c20 cm.
490 1 _aEducación, crítica y debate
504 _aIncluye referencias bibliográficas (p. 419-436).
650 4 _aEducación
_zAmérica Latina
_918826
650 4 _aEducación
_xAspectos sociales
_zAmérica Latina
_928576
650 4 _aEducación y globalización
_928577
700 1 _aTenti Fanfani, Emilio,
_epról.
_928578
830 0 _aEducación, crítica y debate.
_928579
910 _aCatalogación derivada
049 _aBNGR
999 _c11761
_d11761